000 00299nam a2200133Ia 4500
008 231129s1982||||xx |||||||||||||| ||spa||
040 _bspa
082 _a199.72 G675m
100 _aGortari Eli de
245 0 _aEl método dialéctico
260 _c1982
264 _aGrijalbo
942 _2ddc
_cBKS
999 _c11689
_d11689